[Event "ICS rated blitz match"]
[Site "204.178.125.65"]
[Date "1999.12.11"]
[Round "?"]
[White "SuperChicken"]
[Black "Hossa"]
[Result "1-0"]
[WhiteElo "2660"]
[BlackElo "2443"]
[PlyCount "123"]

1. e4 c5 2. Nf3 d6 3. d4 Nf6 4. Nc3 cxd4 5. Nxd4 Nc6 6. Bg5 Bd7 7. Qd2 Rc8 8.
O-O-O Nxd4 9. Qxd4 Qa5 10. Bd2 g6 11. Kb1 Bg7 12. Nb5 Qb6 13. Qxb6 axb6 14. f3
Rc5 15. Nc3 O-O 16. Be3 Rc6 17. Na4 Rc7 18. Nxb6 Be6 19. Bb5 Bh8 20. g4 Ne8 21.
Nd5 Bxd5 22. exd5 Bf6 23. Rhe1 Bh4 24. Re2 Rc8 25. Bh6 Ng7 26. Rd4 Bf6 27. Rb4
e5 28. dxe6 fxe6 29. Bd7 Rc7 30. Bxe6+ Nxe6 31. Rxe6 Bg7 32. Bxg7 Kxg7 33. f4
d5 34. Re5 Rff7 35. Rxd5 Rce7 36. a4 Re1+ 37. Ka2 Re2 38. Rdb5 Ree7 39. Kb3 Rd7
40. h4 Rfe7 41. Re5 Kf6 42. Rb6+ Kf7 43. Rxe7+ Rxe7 44. h5 gxh5 45. gxh5 Ke8
46. f5 Kd8 47. f6 Re3+ 48. Kc4 Kc7 49. Kd4 Rh3 50. Rb5 Rf3 51. Ke5 Rf2 52. Ke6
Re2+ 53. Re5 Rxe5+ 54. Kxe5 Kd7 55. a5 Ke8 56. Ke6 Kd8 57. f7 Kc7 58. f8=Q h6
59. Qd6+ Kc8 60. Ke7 b6 61. a6 b5 62. Qd8# 1-0

[Event "ICS rated blitz match"]
[Site "204.178.125.65"]
[Date "1999.12.11"]
[Round "?"]
[White "PostModernist"]
[Black "Hossa"]
[Result "1-0"]
[WhiteElo "2596"]
[BlackElo "2436"]
[PlyCount "215"]

1. Nf3 Nf6 2. g3 g6 3. b3 Bg7 4. Bb2 b5 5. Bg2 d5 6. O-O O-O 7. Nc3 b4 8. Na4
Nbd7 9. Ne5 Nxe5 10. Bxe5 Bg4 11. Nc5 Re8 12. Na6 Rc8 13. Nxb4 c5 14. Nd3 Qd7
15. Rb1 Bh3 16. Bxh3 Qxh3 17. Bxf6 Bxf6 18. Nf4 Qd7 19. c4 e6 20. d3 Rb8 21. e3
Bg5 22. Qf3 d4 23. a3 a5 24. Rfd1 Qd6 25. a4 Red8 26. Ng2 e5 27. exd4 Qxd4 28.
Ne3 Rd7 29. Re1 Qd6 30. Ng4 Re8 31. h4 Bd8 32. Ne3 Qb8 33. Qc6 Qa7 34. Ng4 Re6
35. Qf3 Qc7 36. Qe3 Qd6 37. Rbd1 h5 38. Nh2 Bf6 39. Nf3 Qb6 40. Nd2 Bg7 41. Ne4
Rd4 42. Kh1 f5 43. Nd2 f4 44. Qe2 fxg3 45. fxg3 Rf6 46. Rf1 Qe6 47. Rxf6 Qh3+
48. Qh2 Qxh2+ 49. Kxh2 Bxf6 50. Ne4 Be7 51. Nc3 Bd8 52. Kg2 Kg7 53. Kf3 g5 54.
hxg5 Bxg5 55. Ne4 Be7 56. Ke3 Kg6 57. Rf1 Rd7 58. Kd2 Rd8 59. Kc2 Rd4 60. Nc3
Bf6 61. Rf3 Bg5 62. Rf8 Rd8 63. Rf1 Rh8 64. Re1 Kf5 65. Ne4 Be7 66. Rd1 Kg4 67.
Rf1 Rh7 68. Rf6 Rg7 69. Ra6 Bd8 70. Re6 Kf5 71. Rh6 h4 72. gxh4 Be7 73. Ra6
Rg2+ 74. Kc1 Rg1+ 75. Kb2 Bxh4 76. Rxa5 Kf4 77. Ra7 Ke3 78. Nxc5 Rh1 79. Rf7
Rg1 80. b4 Rg2+ 81. Kb3 Rg1 82. Rh7 Bg3 83. Rg7 Kf4 84. Ne4 Rb1+ 85. Ka2 Rxb4
86. Rxg3 Rxa4+ 87. Kb3 Ra1 88. Rh3 Rc1 89. c5 Kf5 90. Kb2 Rg1 91. c6 Rg2+ 92.
Kb3 Rg7 93. Rf3+ Ke6 94. Rf6+ Ke7 95. Kc4 Kd8 96. Kd5 Kc7 97. Nd6 Re7 98. Kc5
e4 99. Nb5+ Kd8 100. Rf8+ Re8 101. c7+ Ke7 102. Rxe8+ Kxe8 103. c8=Q+ Kf7 104.
Qf5+ Kg7 105. Nc7 Kg8 106. Ne6 e3 107. Qg6+ Kh8 108. Qg7# 1-0

[Event "ICS rated blitz match"]
[Site "204.178.125.65"]
[Date "1999.12.11"]
[Round "?"]
[White "Hossa"]
[Black "smash"]
[Result "0-1"]
[WhiteElo "2427"]
[BlackElo "2236"]
[PlyCount "64"]

1. e4 g6 2. d4 Bg7 3. Nc3 d6 4. Nf3 Nc6 5. d5 Ne5 6. Bf4 Nxf3+ 7. gxf3 Nf6 8.
Qd2 c6 9. dxc6 bxc6 10. O-O-O Rb8 11. Rg1 Qa5 12. Bc4 Nd7 13. Be3 Ne5 14. Qe2
Rb4 15. Bd3 Rxb2 16. Kxb2 Nxf3 17. Bd2 Qb4+ 18. Kc1 Qa3+ 19. Kb1 Nxd2+ 20. Qxd2
Qb4+ 21. Kc1 Bxc3 22. Qxc3 Qxc3 23. Kb1 Be6 24. a4 Qa3 25. Rg3 Ba2+ 26. Ka1 Kd7
27. Rg5 Bd5+ 28. Kb1 Rb8+ 29. Bb5 Ba2+ 30. Ka1 Bb3+ 31. Kb1 Qa2+ 32. Kc1 Qxc2#
0-1

[Event "ICS rated blitz match"]
[Site "204.178.125.65"]
[Date "1999.12.11"]
[Round "?"]
[White "Hossa"]
[Black "PostModernist"]
[Result "0-1"]
[WhiteElo "2403"]
[BlackElo "2605"]
[PlyCount "122"]

1. d4 Nf6 2. c4 e6 3. Nf3 b6 4. g3 Ba6 5. b3 Bb4+ 6. Bd2 Be7 7. Bg2 c6 8. Bc3
d5 9. Ne5 Nfd7 10. e4 Nxe5 11. dxe5 dxc4 12. Qxd8+ Bxd8 13. Nd2 cxb3 14. axb3
O-O 15. Bf1 Bxf1 16. Kxf1 Be7 17. Ke2 c5 18. Nc4 Nc6 19. Rhd1 Rfd8 20. Na3 Rxd1
21. Kxd1 Rd8+ 22. Kc2 h6 23. Kb2 Rd3 24. f4 Re3 25. Re1 Rxe1 26. Bxe1 Nd4 27.
Bc3 Nf3 28. Nb5 a6 29. Nc7 Nxh2 30. Nxa6 Ng4 31. Be1 Kf8 32. Nb8 Ke8 33. Nc6
Kd7 34. Nxe7 Kxe7 35. Kc3 Kd7 36. Kd3 Kc6 37. Bd2 h5 38. Be3 g5 39. fxg5 Nxe3
40. Kxe3 Kb5 41. g4 hxg4 42. Kf4 Kb4 43. Kxg4 Kxb3 44. Kh5 c4 45. Kh6 c3 46.
Kg7 c2 47. Kxf7 c1=Q 48. g6 Qf4+ 49. Kxe6 Qxe4 50. Kf6 Qf4+ 51. Ke6 b5 52. g7
b4 53. g8=Q Qc4+ 54. Kd6 Qxg8 55. Ke7 Kc2 56. Kd6 b3 57. Kc5 b2 58. Kd4 b1=Q
59. Kc5 Qd8 60. e6 Qbb6+ 61. Kc4 Qdd4# 0-1

[Event "ICS Rated blitz match"]
[Site "204.178.125.65"]
[Date "1999.12.11"]
[Round "?"]
[White "PostModernist"]
[Black "Hossa"]
[Result "1-0"]
[WhiteElo "2613"]
[BlackElo "2399"]
[PlyCount "73"]

1. e4 g6 2. d4 Bg7 3. Nc3 d6 4. Be2 Nd7 5. Nf3 e5 6. O-O Ne7 7. dxe5 dxe5 8.
Qd3 O-O 9. Be3 Kh8 10. Rfd1 f5 11. Ng5 fxe4 12. Ncxe4 Nf5 13. Ne6 Qe7 14. Nxf8
Qxf8 15. Bg4 Nxe3 16. Qxe3 Nb6 17. Bxc8 Rxc8 18. f3 Ra8 19. b3 Re8 20. a4 Bh6
21. Qf2 Qf7 22. Rd3 Kg8 23. a5 Nc8 24. Rd7 Qf5 25. Rxc7 b6 26. Rd1 Rf8 27. Rdd7
Qf4 28. Qe2 Qc1+ 29. Kf2 b5 30. Qd3 Nd6 31. Nxd6 Qe3+ 32. Qxe3 Bxe3+ 33. Kxe3
Rf6 34. Ne4 Rf5 35. Rc8+ Rf8 36. Nf6+ Kh8 37. Rxf8# 1-0

[Event "ICS rated blitz match"]
[Site "204.178.125.65"]
[Date "1999.12.11"]
[Round "?"]
[White "Hossa"]
[Black "PostModernist"]
[Result "0-1"]
[WhiteElo "2392"]
[BlackElo "2620"]
[PlyCount "90"]

1. e4 c5 2. Nf3 Nc6 3. d4 cxd4 4. Nxd4 Nf6 5. Nc3 d6 6. Bg5 e6 7. Qd2 a6 8.
O-O-O Bd7 9. Nde2 h6 10. Bxf6 Qxf6 11. Nf4 Qd8 12. Nh5 b5 13. Ne2 Qg5 14. Qxg5
hxg5 15. Nhg3 Be7 16. Nc3 Ne5 17. f3 g6 18. Kb1 f5 19. Bd3 g4 20. f4 Nxd3 21.
Rxd3 Bc6 22. a3 Rd8 23. Ka2 Bf6 24. exf5 gxf5 25. Rd2 Bxc3 26. bxc3 Kd7 27. Nf1
Rh4 28. Kb2 Rdh8 29. Rg1 Bd5 30. Ne3 Bc4 31. Rd4 d5 32. a4 Rxh2 33. axb5 axb5
34. Ra1 Rh1 35. Ra7+ Kd6 36. Rd1 Rxd1 37. Nxd1 Rh4 38. Rg7 Rh1 39. Ne3 Re1 40.
Nxc4+ bxc4 41. Rh7 Rf1 42. Ra7 Rxf4 43. Ra6+ Ke7 44. Ra7+ Kf6 45. Ra1 g3 0-1

[Event "ICS rated blitz match"]
[Site "204.178.125.65"]
[Date "1999.12.11"]
[Round "?"]
[White "PostModernist"]
[Black "Hossa"]
[Result "1/2-1/2"]
[WhiteElo "2627"]
[BlackElo "2385"]
[PlyCount "106"]

1. Nf3 Nf6 2. g3 g6 3. b3 Bg7 4. Bb2 b5 5. Bg2 d5 6. O-O O-O 7. Nc3 b4 8. Na4
Nbd7 9. Ne5 Nxe5 10. Bxe5 Bg4 11. Nc5 Qc8 12. f3 Bh3 13. Bxh3 Qxh3 14. d4 c6
15. Na6 Bh6 16. Bxf6 Be3+ 17. Kh1 exf6 18. Qd3 Rae8 19. Nxb4 Qe6 20. c3 a5 21.
Nc2 Bg5 22. e3 Qh3 23. f4 Bh6 24. Qa6 Qe6 25. Kg1 Ra8 26. Qe2 f5 27. c4 Rfe8
28. cxd5 cxd5 29. Rac1 Bg7 30. Rfe1 Rac8 31. Qd2 Qe4 32. Qg2 Qe6 33. a3 Rc3 34.
b4 axb4 35. axb4 Qc6 36. Re2 Rexe3 37. Rxe3 Rxe3 38. Qd2 Rc3 39. Kg2 Qc8 40. b5
Bxd4 41. Qxd4 Rxc2+ 42. Rxc2 Qxc2+ 43. Kh3 Qb3 44. b6 Qb5 45. Kg2 Qe2+ 46. Kg1
Qc2 47. Qb4 Qd1+ 48. Kf2 d4 49. b7 Qc2+ 50. Kg1 Qd1+ 51. Kf2 Qc2+ 52. Kg1 Qd1+
53. Kf2 Qc2+ 1/2-1/2

[Event "ICS rated blitz match"]
[Site "204.178.125.65"]
[Date "1999.12.11"]
[Round "?"]
[White "Hossa"]
[Black "PostModernist"]
[Result "0-1"]
[WhiteElo "2395"]
[BlackElo "2617"]
[PlyCount "101"]

1. e4 c5 2. Nf3 e6 3. d4 cxd4 4. Nxd4 Nc6 5. Nc3 Qc7 6. Be2 a6 7. Be3 b5 8.
Nxc6 Qxc6 9. Bf3 Bb7 10. e5 Qc7 11. Bxb7 Qxb7 12. O-O Rc8 13. Qd3 Ne7 14. Rfd1
Ng6 15. f4 Bb4 16. Qd2 Rc4 17. Rab1 Qc6 18. Rbc1 Bxc3 19. bxc3 Rxc3 20. Bd4 Rc4
21. Be3 O-O 22. Qxd7 Qe4 23. Qd3 Nxf4 24. Qxe4 Rxe4 25. Bxf4 Rxf4 26. Rd6 Ra4
27. Ra1 Rc8 28. a3 g6 29. Ra2 Rc5 30. Rd8+ Kg7 31. Rd7 Rxe5 32. Ra1 Rf5 33. Rb7
Rc4 34. Rc1 Rc3 35. g3 Rxa3 36. Ra7 Ra2 37. c4 Rff2 38. h4 Rg2+ 39. Kh1 Rh2+
40. Kg1 Rag2+ 41. Kf1 Rxg3 42. cxb5 Rh1+ 43. Kf2 Rxc1 44. Kxg3 axb5 45. Rb7 Rb1
46. Kf4 Kf6 47. Rb8 b4 48. Ke3 Rb3+ 49. Kf2 h6 50. Rb7 g5 51. h5 0-1

[Event "ICS rated blitz match"]
[Site "204.178.125.65"]
[Date "1999.12.11"]
[Round "?"]
[White "PostModernist"]
[Black "Hossa"]
[Result "1/2-1/2"]
[WhiteElo "2624"]
[BlackElo "2388"]
[PlyCount "219"]

1. e4 c5 2. Nf3 d6 3. d4 Nf6 4. Nc3 cxd4 5. Nxd4 e6 6. Be3 Be7 7. Be2 O-O 8.
O-O Nc6 9. f4 d5 10. e5 Ne4 11. Nxe4 dxe4 12. Nxc6 bxc6 13. Qxd8 Rxd8 14. Rfd1
Rb8 15. Rxd8+ Bxd8 16. Rd1 Be7 17. b3 c5 18. g3 f5 19. exf6 gxf6 20. g4 Rb7 21.
g5 Kg7 22. Kf2 Rd7 23. gxf6+ Kxf6 24. Rg1 Bb7 25. h4 Rd8 26. Rg5 Rd5 27. c4
Rxg5 28. hxg5+ Kf5 29. Kg3 Kg6 30. Bg4 Bc8 31. Kf2 a6 32. Bd2 Kf7 33. Ke3 Bb7
34. Bc3 Bf8 35. Bf6 Bc6 36. Bh5+ Kg8 37. Bd1 Kf7 38. Be5 h6 39. Bh5+ Kg8 40.
Bg6 Bg7 41. Bxe4 Bxe5 42. Bxc6 Bd4+ 43. Ke4 hxg5 44. fxg5 Bf2 45. g6 Kg7 46.
Be8 Kf6 47. a3 Be1 48. Kd3 Kg7 49. Bf7 Kf6 50. a4 a5 51. Ke3 Bc3 52. Kf4 Bd2+
53. Kf3 Bh6 54. Ke4 Bc1 55. Kd3 Bh6 56. Ke2 Kf5 57. Be8 Ke4 58. Bd7 Kf5 59. Kd3
Kxg6 60. Bxe6 Kf6 61. Bg8 Kf5 62. Bd5 Bc1 63. Bc6 Ba3 64. Kc2 Ke5 65. Kc3 Bb4+
66. Kd3 Kf4 67. Bd7 Kf3 68. Be8 Kf4 69. Bh5 Kg5 70. Bf3 Kf4 71. Bb7 Ba3 72. Ba6
Bb4 73. Bb5 Kf3 74. Bd7 Kf4 75. Be6 Ke5 76. Bd5 Ba3 77. Bh1 Kf4 78. Bb7 Bb4 79.
Bc6 Ba3 80. Ba8 Bb4 81. Bd5 Ba3 82. Bh1 Bb4 83. Ke2 Ba3 84. Bg2 Bb4 85. Bd5 Ba3
86. Ba8 Ke5 87. Kd3 Kf4 88. Be4 Bb4 89. Bg2 Ke5 90. Ke3 Ba3 91. Bf3 Bc1+ 92.
Kd3 Ba3 93. Be4 Bb4 94. Bh7 Kf4 95. Bg6 Kf3 96. Bh5+ Kf4 97. Bd1 Be1 98. Be2
Bb4 99. Bf1 Kf3 100. Bh3 Kf4 101. Bc8 Ke5 102. Bg4 Kf4 103. Bh3 Kf3 104. Bf5
Kf4 105. Bh7 Ke5 106. Bg6 Be1 107. Bf7 Bb4 108. Bg8 Kf6 109. Bd5 Kf5 110. Ke3
1/2-1/2

[Event "ICS rated blitz match"]
[Site "204.178.125.65"]
[Date "1999.12.11"]
[Round "?"]
[White "Hossa"]
[Black "PostModernist"]
[Result "0-1"]
[WhiteElo "2397"]
[BlackElo "2615"]
[PlyCount "232"]

1. e4 c5 2. Nf3 e6 3. d4 cxd4 4. Nxd4 Qb6 5. Nc3 Bc5 6. Na4 Qa5+ 7. c3 Bxd4 8.
Qxd4 Nf6 9. Nc5 O-O 10. Nb3 Qh5 11. Be2 Qg6 12. Nd2 Nc6 13. Qe3 Qxg2 14. Bf3
Qg6 15. b3 d5 16. Ba3 Rd8 17. O-O-O e5 18. Rhg1 d4 19. cxd4 Bg4 20. h3 Rac8 21.
Bxg4 Nxg4 22. hxg4 Nxd4+ 23. Kb2 Qa6 24. Nb1 Rc2+ 25. Ka1 Rcc8 26. Rd2 Nc2+ 27.
Rxc2 Rxc2 28. Rc1 Re2 29. Qc5 Rxe4 30. Qd5 Rd4 31. Qxe5 f6 32. Qf5 Qe2 33. f3
R4d5 34. Qe4 Qxe4 35. fxe4 Rg5 36. Rc7 Rxg4 37. Rxb7 Rd1 38. Rb8+ Kf7 39. Rb7+
Kg6 40. Bf8 Kh6 41. a3 Rgg1 42. Ka2 a5 43. Rf7 Rxb1 44. Rxg7 Ra1+ 45. Kb2 Rgf1
46. Ra7+ Kg6 47. Rg7+ Kh5 48. Rxh7+ Kg4 49. b4 Rfb1+ 50. Kc2 Rc1+ 51. Kb3 axb4
52. axb4 Re1 53. Rg7+ Kf4 54. Rf7 Re3+ 55. Kb2 Rea3 56. Rxf6+ Kxe4 57. Bc5
R1a2+ 58. Kb1 Kd5 59. Rf2 Ra1+ 60. Kc2 Kc4 61. Rf4+ Kb5 62. Rf2 Rh1 63. Kb2 Rd3
64. Bf8 Ka4 65. Kc2 Rdh3 66. Bc5 Ra1 67. Kb2 Rd1 68. Kc2 Re1 69. Rg2 Ra1 70.
Kb2 Raa3 71. Re2 Rh1 72. Rc2 Rb3+ 73. Ka2 Rd1 74. Be7 Ra3+ 75. Kb2 Re1 76. Bc5
Rb3+ 77. Ka2 Rh1 78. Rg2 Rhb1 79. Rc2 Re1 80. Bd6 Rd3 81. Bc5 Red1 82. Rh2 Rb3
83. Re2 Rdb1 84. Rc2 Rf1 85. Rd2 Rc1 86. Rf2 Rd3 87. Kb2 Re1 88. Rc2 Rh1 89.
Rc3 Rh2+ 90. Rc2 Rb3+ 91. Kc1 Rh1+ 92. Kd2 Rg3 93. Bd6 Rg2+ 94. Kc3 Rh3+ 95.
Kb2 Rb3+ 96. Kc1 Rg1+ 97. Kd2 Rh3 98. Bc5 Ra1 99. Bd6 Kb3 100. Be5 Rg1 101.
Rb2+ Ka3 102. Ke2 Rg2+ 103. Kf1 Rxb2 104. Kg1 Rxb4 105. Bd6 Rd3 106. Bc5 Rd2
107. Kh1 Rdb2 108. Bd6 Ka4 109. Bc5 Rc4 110. Be3 Rb1+ 111. Kg2 Rc3 112. Bh6
Rb2+ 113. Kf1 Rh3 114. Bd2 Rh2 115. Kg1 Rhxd2 116. Kh1 Rb1# 0-1

[Event "ICS rated blitz match"]
[Site "204.178.125.65"]
[Date "1999.12.11"]
[Round "?"]
[White "PostModernist"]
[Black "Hossa"]
[Result "1-0"]
[WhiteElo "2622"]
[BlackElo "2390"]
[PlyCount "121"]

1. c4 e5 2. g3 Nc6 3. Nc3 f5 4. Bg2 Nf6 5. d3 Bb4 6. Bd2 d6 7. a3 Ba5 8. b4 Bb6
9. Nf3 e4 10. dxe4 fxe4 11. Nh4 O-O 12. O-O Qe8 13. Nd5 Nxd5 14. cxd5 Nd4 15.
Be3 Nf5 16. Bxb6 axb6 17. Qc2 Nxh4 18. gxh4 Qd8 19. Qxe4 b5 20. Qd4 Bf5 21.
Rfc1 Rf7 22. Rc3 Qe7 23. Rac1 Qxe2 24. Rxc7 Qh5 25. Rxf7 Qxf7 26. Qe3 Rf8 27.
Qg3 Qd7 28. h5 Rf6 29. Bf3 Kh8 30. h4 Kg8 31. Rc3 Qf7 32. Qg2 Qe7 33. Re3 Qf7
34. Be2 b6 35. Rc3 Qe7 36. Qf3 Rf8 37. Bxb5 Qxh4 38. Qg3 Qxh5 39. Qxd6 Qd1+ 40.
Bf1 Qd4 41. Re3 Qd2 42. Qxb6 Qxd5 43. Qc5 Qd8 44. Bc4+ Kh8 45. Rg3 Qd1+ 46. Bf1
Rf7 47. b5 Bd7 48. b6 Qb1 49. Rd3 Be8 50. Rd8 Qg6+ 51. Bg2 Rf6 52. Qb4 Kg8 53.
b7 Rxf2 54. Rxe8+ Qxe8 55. Bd5+ Rf7 56. b8=Q h5 57. Qxe8+ Kh7 58. Be4+ Kh6 59.
Qd2+ g5 60. Qh8+ Rh7 61. Qxh7# 1-0

[Event "ICS rated bullet match"]
[Site "204.178.125.65"]
[Date "1999.12.11"]
[Round "?"]
[White "kingsling"]
[Black "Hossa"]
[Result "0-1"]
[WhiteElo "2135"]
[BlackElo "2570"]
[PlyCount "110"]

1. d4 Nf6 2. f3 d5 3. e4 dxe4 4. Nc3 exf3 5. Nxf3 e6 6. Bg5 Be7 7. Bd3 Nd5 8.
Bd2 Nb4 9. Be2 N8c6 10. a3 Nd5 11. O-O O-O 12. Ne4 Nf6 13. Nxf6+ Bxf6 14. c3 e5
15. dxe5 Nxe5 16. Nxe5 Bxe5 17. Bf4 Bxf4 18. Rxf4 Qxd1+ 19. Rxd1 Re8 20. Bf3 c6
21. Rfd4 Be6 22. h3 c5 23. Rd6 Rab8 24. Kf2 c4 25. Bd5 g5 26. Bxe6 fxe6 27.
R1d4 b5 28. Ra6 Rb7 29. Ke3 h5 30. Re4 Kf7 31. Kd4 Rd8+ 32. Kc5 Rd5+ 33. Kb4
Rd2 34. Rexe6 Rxb2+ 35. Kc5 Rxg2 36. Rf6+ Ke8 37. Rfe6+ Kd8 38. Red6+ Kc8 39.
Rdc6+ Kb8 40. Rh6 Rc7+ 41. Kxb5 Rb2+ 42. Ka4 Rb3 43. Ra5 Rxc3 44. Rb5+ Kc8 45.
Rxh5 Rd3 46. Rbxg5 c3 47. Rc5 Kb7 48. Rxc7+ Kxc7 49. h4 Kd6 50. Rh6+ Kd5 51. h5
c2 52. Rh7 c1=Q 53. Rd7+ Kc6 54. Rxd3 Qc4+ 55. Ka5 Qb5# 0-1

[Event "ICS rated bullet match"]
[Site "204.178.125.65"]
[Date "1999.12.11"]
[Round "?"]
[White "Hossa"]
[Black "counterplay"]
[Result "0-1"]
[WhiteElo "2572"]
[BlackElo "2545"]
[PlyCount "178"]

1. d4 d6 2. Nf3 g6 3. e4 Bg7 4. Be3 Nf6 5. Bd3 d5 6. exd5 Nxd5 7. O-O c5 8. c3
O-O 9. dxc5 Nxe3 10. fxe3 Qc7 11. b4 Rd8 12. Na3 Bxc3 13. Nb5 Qd7 14. Bxg6 hxg6
15. Nxc3 Qe8 16. Qe1 Bf5 17. Qh4 f6 18. Nd4 g5 19. Qh6 Bg4 20. h3 Bc8 21. Rad1
Na6 22. Nc2 Be6 23. h4 Bc4 24. Rf2 Rxd1+ 25. Nxd1 gxh4 26. Qxh4 Bxa2 27. Nc3
Bf7 28. Rf3 Bg6 29. Nd4 Nxb4 30. Rg3 Nd3 31. Qh6 Ne5 32. Rh3 Qf8 33. Qh4 Qc8
34. c6 bxc6 35. Ne4 Kf7 36. Nc5 a5 37. Nde6 Rb8 38. e4 Nd7 39. Qh6 Nxc5 40.
Nxc5 Rb1+ 41. Kf2 Qb8 42. Na4 Ra1 43. Nc3 Qb2+ 44. Ne2 Bxe4 45. Qh5+ Ke6 46.
Re3 Qc2 47. Qg6 Ra4 48. Qe8 f5 49. Qc8+ Kf7 50. Qh8 Ra2 51. g3 a4 52. Qh5+ Ke6
53. Qe8 Rb2 54. Qc8+ Kf7 55. Qh8 Rb4 56. Qh5+ Ke6 57. Rc3 Qd2 58. Qh8 Kd7 59.
Qa8 Rb2 60. Qa7+ Ke8 61. Qa8+ Kf7 62. Re3 Rb3 63. Rxb3 axb3 64. Qh8 b2 65. Qh7+
Ke8 66. Qh8+ Kd7 67. Qc3 Qxc3 68. Nxc3 Kd6 69. g4 c5 70. Ke3 e5 71. Nb5+ Kd5
72. gxf5 Bxf5 73. Na3 Bh7 74. Kf2 c4 75. Nb5 Kc5 76. Nc7 c3 77. Kf3 c2 78. Kg3
Kc4 79. Ne8 Kd3 80. Nf6 e4 81. Nxh7 e3 82. Nf6 e2 83. Kf2 b1=Q 84. Kf3 Qf1+ 85.
Kg4 Qxf6 86. Kh3 Qe6+ 87. Kg3 e1=Q+ 88. Kg2 Qg4+ 89. Kh2 Qgg3# 0-1

[Event "ICS rated bullet match"]
[Site "204.178.125.65"]
[Date "1999.12.11"]
[Round "?"]
[White "Hamburg"]
[Black "Hossa"]
[Result "0-1"]
[WhiteElo "2306"]
[BlackElo "2555"]
[PlyCount "88"]

1. d4 d6 2. Nf3 g6 3. Bg5 f6 4. Bh4 e5 5. c3 g5 6. Bg3 g4 7. Nh4 Qe7 8. e3 Bg7
9. Be2 f5 10. O-O Bf6 11. Nxf5 Bxf5 12. Bxg4 Bxg4 13. Qxg4 Nc6 14. Nd2 Qf7 15.
Ne4 h5 16. Qe2 h4 17. f4 hxg3 18. Nxg3 Qh7 19. h3 Bh4 20. Qf3 exf4 21. exf4
Nge7 22. Rae1 O-O-O 23. Re2 Rdg8 24. Ne4 d5 25. Nc5 b6 26. Ne6 Rg3 27. Qxg3
Bxg3 28. Re3 Qg6 29. f5 Nxf5 30. Rxf5 Qxf5 31. Rxg3 Qxe6 32. Rf3 Qe1+ 33. Rf1
Qe3+ 34. Kh1 Qd2 35. Kh2 Qxb2 36. Rf3 Rg8 37. Rg3 Rxg3 38. Kxg3 Qxc3+ 39. Kg4
Nxd4 40. Kf4 Ne2+ 41. Kg4 Qg3+ 42. Kf5 Kd7 43. h4 Ke7 44. h5 Nd4# 0-1

[Event "ICS rated bullet match"]
[Site "204.178.125.65"]
[Date "1999.12.11"]
[Round "?"]
[White "Hamburg"]
[Black "Hossa"]
[Result "0-1"]
[WhiteElo "2266"]
[BlackElo "2559"]
[PlyCount "88"]

1. d4 d6 2. c4 e5 3. d5 Nf6 4. Nc3 Be7 5. e4 O-O 6. f3 Ne8 7. Be3 f5 8. Qd2 Nf6
9. O-O-O fxe4 10. fxe4 c6 11. Nf3 Ng4 12. Kb1 Nxe3 13. Qxe3 Nd7 14. h3 Qb6 15.
Qd2 Nf6 16. Bd3 cxd5 17. cxd5 Bd7 18. Rhf1 Rac8 19. g4 Qc5 20. g5 Nh5 21. h4
Ng3 22. Rf2 Bg4 23. Rg1 Rxf3 24. Rgg2 Nh1 25. Rxf3 Bxf3 26. Rh2 Qg1+ 27. Kc2
Bd1+ 28. Qxd1 Qxh2+ 29. Kb1 Qxh4 30. Qe2 Bxg5 31. a3 Nf2 32. Ka2 Nxd3 33. Qxd3
a6 34. Qe2 Bf4 35. Qd3 Qh1 36. Qe2 h5 37. Qd3 g5 38. Qe2 g4 39. Qd3 h4 40. Qe2
Qg1 41. Nd1 Rc1 42. Nf2 Ra1+ 43. Kb3 Qg3+ 44. Kc2 Rc1# 0-1

[Event "ICS rated bullet match"]
[Site "204.178.125.65"]
[Date "1999.12.11"]
[Round "?"]
[White "Hossa"]
[Black "Buffos"]
[Result "1-0"]
[WhiteElo "2563"]
[BlackElo "2261"]
[PlyCount "73"]

1. c4 d6 2. d4 Nf6 3. Nf3 g6 4. Nc3 Bg7 5. e4 O-O 6. Bd3 Bg4 7. h3 Bxf3 8. gxf3
e5 9. dxe5 dxe5 10. Bg5 Nc6 11. Nd5 Nd4 12. Rg1 c6 13. Nxf6+ Bxf6 14. Bh6 Re8
15. Rg3 Bh4 16. Rg4 Kh8 17. b4 Qf6 18. f4 exf4 19. Rxf4 Qe7 20. Kf1 Bf6 21. Rb1
Be5 22. Rg4 f5 23. exf5 gxf5 24. Bg5 Qf7 25. Rg2 Rg8 26. Qd2 Qh5 27. Qe3 Rae8
28. Qxe5+ Rxe5 29. Bf6+ Rg7 30. Bxg7+ Kg8 31. Bxe5+ Kf8 32. Bxd4 Qxh3 33. Rd1
b6 34. Kg1 c5 35. bxc5 bxc5 36. Bxc5+ Ke8 37. Rg7 1-0

[Event "ICS rated blitz match"]
[Site "204.178.125.65"]
[Date "1999.12.11"]
[Round "?"]
[White "PostModernist"]
[Black "Hossa"]
[Result "1-0"]
[WhiteElo "2634"]
[BlackElo "2387"]
[PlyCount "145"]

1. e4 c5 2. Nf3 e6 3. d4 cxd4 4. Nxd4 Qb6 5. Nc3 Bc5 6. Be3 Nf6 7. e5 Ng4 8.
Na4 Nxe3 9. Nxb6 Nxd1 10. Nxa8 Nxf2 11. Kxf2 Bxd4+ 12. Kf3 Bxe5 13. Rb1 b6 14.
Nxb6 axb6 15. Bb5 Bb7+ 16. Kf2 Be4 17. Bd3 Bxd3 18. cxd3 Ke7 19. Rhe1 Bxh2 20.
g3 Rc8 21. Rbc1 Rxc1 22. Rxc1 Nc6 23. Kg2 Bxg3 24. Kxg3 Nb4 25. d4 Nxa2 26. Rc4
d5 27. Ra4 Nc1 28. Kf3 Nd3 29. b3 b5 30. Ra7+ Kf6 31. Ke3 Nb4 32. Ra5 Nc2+ 33.
Kd3 Ne1+ 34. Ke2 Ng2 35. Rxb5 h5 36. Ra5 e5 37. Ra6+ Kf5 38. dxe5 Kxe5 39. Ra7
Nf4+ 40. Ke3 d4+ 41. Kf3 g5 42. Rxf7 d3 43. Ke3 h4 44. Rf8 h3 45. Rf7 Ke6 46.
Rf8 Ke7 47. Ra8 Kf6 48. Ra1 Kf5 49. Rg1 Kg6 50. Rh1 Kh5 51. b4 Kg4 52. b5 Kf5
53. Rxh3 g4 54. Rg3 d2 55. Kxd2 Nd5 56. Rb3 Nb6 57. Ke3 Ke5 58. Kf2 Nd7 59. b6
Kd5 60. b7 Nb8 61. Rc3 Ke5 62. Rd3 Nc6 63. Rd8 Kf5 64. Rc8 Ne5 65. b8=Q Nd3+
66. Kg3 Ke4 67. Qb7+ Ke3 68. Qb6+ Kd2 69. Qd4 Ke2 70. Rc2+ Kf1 71. Qa1+ Ne1 72.
Qb1 Kg1 73. Qxe1# 1-0

[Event "ICS rated blitz match"]
[Site "204.178.125.65"]
[Date "1999.12.11"]
[Round "?"]
[White "Hossa"]
[Black "PostModernist"]
[Result "0-1"]
[WhiteElo "2381"]
[BlackElo "2640"]
[PlyCount "118"]

1. e4 c5 2. Nf3 d6 3. d4 Nf6 4. Nc3 cxd4 5. Nxd4 Nc6 6. Bg5 Bd7 7. Qd2 a6 8.
Be2 e6 9. O-O Rc8 10. Rad1 Be7 11. Nf3 b5 12. a3 h6 13. Bh4 g5 14. Bg3 e5 15.
Qd3 h5 16. h4 g4 17. Nd2 Nd4 18. Nb3 Nxe2+ 19. Qxe2 Qb6 20. Qd3 Rc7 21. Rfe1
Kd8 22. Rd2 Rf8 23. Ra1 Kc8 24. Rad1 Kb8 25. Bh2 Be6 26. Kh1 Rxc3 27. bxc3 Bc4
28. Qe3 Qxe3 29. fxe3 Nxe4 30. Na5 Rc8 31. Bg1 Nxd2 32. Rxd2 Be6 33. Bf2 Rxc3
34. Be1 Kc7 35. Rxd6 Rxc2 36. Rd3 e4 37. Rc3+ Rxc3 38. Bxc3 Bxa3 39. Bf6 Bd5
40. Kh2 Bd6+ 41. Kg1 Bb4 42. Kf2 Bxa5 43. Kg3 Bd2 44. Kf4 b4 45. Kg5 Bc3 46.
Be7 b3 47. Ba3 Kc6 48. Kxh5 Be6 49. Kg5 b2 50. Bxb2 Bxb2 51. h5 a5 52. h6 a4
53. Kf4 a3 54. Kxe4 a2 55. Kd3 a1=Q 56. Ke2 Bc4+ 57. Kf2 Be5 58. e4 Qf1+ 59.
Ke3 Qe1# 0-1

[Event "ICS rated blitz match"]
[Site "204.178.125.65"]
[Date "1999.12.11"]
[Round "?"]
[White "PostModernist"]
[Black "Hossa"]
[Result "0-1"]
[WhiteElo "2646"]
[BlackElo "2375"]
[PlyCount "66"]

1. e4 c5 2. Nf3 d6 3. d4 Nf6 4. Nc3 cxd4 5. Nxd4 Nc6 6. Bg5 Bd7 7. Qd2 a6 8.
O-O-O Nxd4 9. Qxd4 Qa5 10. f4 Bg4 11. Rd2 e5 12. fxe5 dxe5 13. Qc4 Rc8 14. Qd3
Bb4 15. Kb1 Be6 16. Bxf6 gxf6 17. a3 Rxc3 18. bxc3 Bxc3 19. Qd6 Bxd2 20. Qb8+
Kd7 21. Qxb7+ Kd6 22. Bxa6 Qxa3 23. Bc4 Ra8 24. Qxa8 Qxa8 25. Rd1 Bxc4 26.
Rxd2+ Kc5 27. c3 Bd3+ 28. Rxd3 Qxe4 29. Kb2 Qxd3 30. h4 Kc4 31. Ka2 Qc2+ 32.
Ka1 Kxc3 33. h5 Qb2# 0-1

[Event "ICS unrated blitz match"]
[Site "204.178.125.65"]
[Date "1999.12.11"]
[Round "?"]
[White "Yobes"]
[Black "Hossa"]
[Result "1-0"]
[WhiteElo "1883"]
[BlackElo "2401"]
[PlyCount "39"]

1. e4 c5 2. d4 cxd4 3. c3 d5 4. exd5 Nf6 5. Qa4+ Bd7 6. Qxd4 e6 7. dxe6 fxe6 8.
Bc4 Be7 9. Nf3 O-O 10. O-O Nc6 11. Qe3 Nd5 12. Qe4 Rf5 13. Rd1 Rc8 14. Bxd5
exd5 15. Rxd5 Nb4 16. Rd1 Nc6 17. Be3 b6 18. Nbd2 Qe8 19. Nc4 Rf7 20. Qd5 1-0

[Event "ICS unrated blitz match"]
[Site "204.178.125.65"]
[Date "1999.12.11"]
[Round "?"]
[White "Yobes"]
[Black "Hossa"]
[Result "1-0"]
[WhiteElo "1883"]
[BlackElo "2401"]
[PlyCount "45"]
[EventDate "1999.??.??"]

1. e4 e6 2. d4 d5 3. Nc3 Bb4 4. a3 Bxc3+ 5. bxc3 dxe4 6. f3 Nd7 7. g3 exf3 8.
Nxf3 c5 9. dxc5 Ngf6 10. Qd4 O-O 11. Bf4 Qa5 12. Bd6 Re8 13. Bg2 Nd5 14. Nd2
Nb8 15. c4 Nc6 16. Qf2 Nc3 17. O-O f6 18. Bxc6 bxc6 19. Qf3 Na4 20. Qh5 Ba6 21.
Ne4 e5 22. Rxf6 Rf8 23. Ng5 1-0

[Event "ICS unrated blitz match"]
[Site "204.178.125.65"]
[Date "1999.12.11"]
[Round "?"]
[White "Yobes"]
[Black "Hossa"]
[Result "1-0"]
[WhiteElo "1883"]
[BlackElo "2401"]
[PlyCount "23"]

1. e4 e6 2. d4 a6 3. Be3 e5 4. dxe5 Qe7 5. Nc3 Qxe5 6. Nf3 Qa5 7. Bd2 Qc5 8.
Nd5 Bd6 9. Be3 Qc6 10. Nd4 Qa4 11. Nf5 Be5 12. f4 1-0